000 00991nam a2200301 i 4500
003 DO-SdBNP
005 20240306142517.0
007 ta
008 240306s1942 xxu 000 j spa d
040 _aDO-SdBNP
_bspa
_cBNPHU
_erda
041 _heng
082 _bM457
_222
100 _aMaurois, André,
_d1885-1967
_96319
242 _aDisraelí : una imagen de la época victoriana
245 1 0 _aDisraeli :
_bpicture of the Victorian age /
_cAndré Maurois ; traducida del frances por Hamish Miles.
264 3 _a[New York, Estados Unidos] :
_bThe Modern Library ,
_c1942.
300 _axiii, 378 páginas,
_c18 cm.
336 _2rdacontent
_atexto
_btxt
337 _2rdamedia
_asin mediación
_bn
338 _2rdacarrier
_avolumen
_bnc
490 1 _aRandom House
500 _aIncluye índice.
504 _aBibliografía p: x-xiii
590 _aInventariado, 2024/ YL
700 1 _aMiles, Hamish,
_d1894-1937,
_etraductor
_984986
910 _aYLockward
942 _2ddc
_cLBS1
999 _c56048
_d56048